Interpreting Early India (Record no. 4898)

MARC details
000 -LEADER
fixed length control field 00529cam a2200205ua 4500
001 - CONTROL NUMBER
control field 5745
005 - DATE AND TIME OF LATEST TRANSACTION
control field 20260515113930.0
008 - FIXED-LENGTH DATA ELEMENTS--GENERAL INFORMATION
fixed length control field 131028n ii |||gr||||Z||||||eng
020 ## - INTERNATIONAL STANDARD BOOK NUMBER
International Standard Book Number 978-0-19-563342-9
020 ## - INTERNATIONAL STANDARD BOOK NUMBER
International Standard Book Number 0-19-563342-3
040 ## - CATALOGING SOURCE
Transcribing agency MAIN
082 ## - DEWEY DECIMAL CLASSIFICATION NUMBER
Classification number 934
100 ## - MAIN ENTRY--PERSONAL NAME
Personal name Thapar,Romila,
Relator term Author.
245 ## - TITLE STATEMENT
Title Interpreting Early India
Statement of responsibility, etc. by Romila Thapar
250 ## - EDITION STATEMENT
Edition statement 12th Imp.
260 ## - PUBLICATION, DISTRIBUTION, ETC.
Place of publication, distribution, etc. New Delhi:
Name of publisher, distributor, etc. Oxford University Press,
Date of publication, distribution, etc. 2008.
653 ## - INDEX TERM--UNCONTROLLED
Uncontrolled term India to 647
653 ## - INDEX TERM--UNCONTROLLED
Uncontrolled term Interpreting Early India
942 ## - ADDED ENTRY ELEMENTS (KOHA)
Koha item type Books
Holdings
Withdrawn status Lost status Damaged status Not for loan Home library Current library Shelving location Date acquired Total checkouts Full call number Barcode Date last seen Copy number Price effective from Koha item type
        Naharkatiya College Library Naharkatiya College Library General stacks 09/19/2020   934 | THA 17616 09/19/2020 1 09/19/2020 Books